Länder mit zwei Grenzen - Statistiken

Allgemein
  • Dieses Quiz wurde 209 mal gespielt
  • Das Durchschnittsergebnis liegt bei 23 aus 27
Antwortstatistiken
Angrenzende Länder Land % Korrekt
Kanada & Mexiko Vereinigte Staaten
99%
Österreich & Schweiz Liechtenstein
96%
Lettland & Russland Estland
95%
Finnland & Norwegen Schweden
94%
Frankreich & Spanien Andorra
93%
Belgien & Deutschland Niederlande
93%
China & Russland Mongolei
92%
Kolumbien & Peru Ecuador
91%
Nicaragua & Panama Costa Rica
89%
China & Indien Nepal
89%
Kolumbien & Costa Rica Panama
88%
Guatemala & Honduras El Salvador
86%
Guatemala & Mexiko Belize
85%
Costa Rica & Honduras Nicaragua
85%
China & Indien Bhutan
84%
Israel & Syrien Libanon
84%
Argentinien & Brasilien Uruguay
82%
Myanmar & Indien Bangladesch
81%
Mosambik & Südafrika Eswatini
81%
Oman & Saudi-Arabien Jemen
79%
Algerien & Libyen Tunesien
79%
Irak & Saudi-Arabien Kuwait
77%
Guinea & Senegal Guinea-Bissau
76%
Rumänien & Ukraine Moldawien
75%
Kamerun & Gabun Äquatorialguinea
73%
Oman & Saudi-Arabien Vereinigte Arabische Emirate
69%
Guinea & Liberia Sierra Leone
66%
Keine übereinstimmenden Quizze gefunden
Verteilung der Resultate
Anzahl Personen mit jedem Resultat
Perzentil nach korrekt beantworteten Fragen
Ihre Resultats-Entwicklung
Sie haben dieses Quiz noch nicht gespielt